00552ntaaa2200181 45000030003000000050017000030080021000200400037000410820017000782450026000952500010001212600043001313000010001745000084001846500036002686500046003047000020003500120251027202240.00714s1973 ag 01  aAR-BaBNbspacAR-BaBNeaacrdRIC a268.1300 M78 aThe ministry of Jesus a1 ed. aNashville : bConvention Press, c1970 a114 p aGuía para maestros de primarios en las escuelas bíblicas de vacaciones 1971 aescuela bíblica de vacaciones aprimarios-escuela bíblica de vacaciones aMoore, W. Mark